000
00335nam a2200145Ia 4500
008
150201s2013 xx 000 0 und d
082
_a
612
_b
F13B
100
_a
BIJLANI, R.L.
245
_a
FUNDAMENTALS OF PHYSIOLOGY
250
_a
2ND
260
_b
JAYPEE
_a
DELHI
_c
2013
300
_a
424
650
_a
PHYSIOLOGY
942
_2
ddc
_c
BK
_0
1
999
_c
2400
_d
2400